La política en discusión / (Record no. 66990)

MARC details
000 -LEADER
campo de control de longitud fija 00794nam a2200217 i 4500
001 - NÚMERO DE CONTROL
campo de control 66990
003 - IDENTIFICADOR DE NÚMERO DE CONTROL
campo de control ES-MaACL
005 - FECHA Y HORA DE LA ÚLTIMA TRANSACCIÓN
campo de control 20230906165924.0
007 - CAMPO FIJO DE DESCRIPCIÓN FÍSICA--INFORMACIÓN GENERAL
campo de control de longitud fija t|
008 - DATOS DE LONGITUD FIJA--INFORMACIÓN GENERAL
campo de control de longitud fija 040428s2002 ag ||||1| spa d
020 ## - NÚMERO INTERNACIONAL ESTÁNDAR DEL LIBRO
Número Internacional Estándar del Libro 987-500-072-8
080 ## - NÚMERO DE LA CLASIFICACIÓN DECIMAL UNIVERSAL
Número de la Clasificación Decimal Universal 32(82)
245 03 - MENCIÓN DEL TÍTULO
Título La política en discusión /
Mención de responsabilidad, etc. Horacio Fazio (coord.) ; [autores] Gerardo Adrogué ... [et al.].
260 ## - PUBLICACIÓN, DISTRIBUCIÓN, ETC.
Lugar de publicación, distribución, etc. Buenos Aires :
Nombre del editor, distribuidor, etc. FLACSO,
Fecha de publicación, distribución, etc. [2002]
300 ## - DESCRIPCIÓN FÍSICA
Extensión 349 p. ;
Dimensiones 23 cm.
500 ## - NOTA GENERAL
Nota general Recoge el contenido del Seminario "Perspectivas y expectativas de cambio político en Argentina" desarrollado por FLACSO de abril a agosto de 2001.
651 #4 - PUNTO DE ACCESO ADICIONAL DE MATERIA--NOMBRE GEOGRÁFICO
Nombre geográfico Argentina-
Subdivisión general Política y gobierno-
Subdivisión cronológica S.XX.
9 (RLIN) 7818
700 1# - ENTRADA AGREGADA--NOMBRE PERSONAL
Nombre de persona Fazio, Horacio.
9 (RLIN) 49032
700 1# - ENTRADA AGREGADA--NOMBRE PERSONAL
Nombre de persona Adrogué, Gerardo.
9 (RLIN) 18484
852 ## - LOCALIZACIÓN
Ubicación ES-MaACL
Número de control de estantería L-27469
Sublocalización o colección R.133315
Holdings
Estatus retirado Estado de pérdida Estado de daño No para préstamo Biblioteca de origen Biblioteca actual Ubicación en estantería Fecha de adquisición Fuente de adquisición Total de préstamos Signatura topográfica completa Código de barras Visto por última vez Precio de reemplazo Tipo de ítem Koha
        Biblioteca del Ateneo de Madrid Biblioteca del Ateneo de Madrid Depósito 2 17/01/2008     L-27469 1070162 23/02/2023 23/02/2023 Libro impreso